[Event "Polanica Zdroj op-D 56th"]
[Site "Polanica Zdroj"]
[Date "2020.08.20"]
[Round "6"]
[White "Gromczak, Dariusz"]
[Black "Podgorski, Maciej"]
[Result "0-1"]
[WhiteElo "1785"]
[BlackElo "1810"]
[PlyCount "85"]
[EventDate "2020.08.15"]
[EventType "swiss"]
[EventRounds "9"]
[EventCountry "POL"]
[SourceTitle "CBM 198 Extra"]
[Source "ChessBase"]
[SourceDate "2020.11.30"]
[SourceVersion "1"]
[SourceVersionDate "2020.11.30"]
[SourceQuality "1"]

1. e4 c5 2. Nc3 Nc6 3. Bb5 g6 4. Bxc6 dxc6 5. d3 Bg7 6. Be3 b6 7. f4 Nh6 8. h3 e5 9. Nf3 exf4 10. Bxf4 0-0 11. Qd2 g5 12. Bxg5 Qd6 13. 0-0 f5 14. e5 Qe6 15. Rae1 Nf7 16. Bf4 Ba6 17. b3 Kh8 18. Qf2 Rad8 19. Re2 Rg8 20. Rfe1 Bf8 21. Qh4 Be7 22. Qh5 c4 23. bxc4 Bb4 24. Ng5 Nxg5 25. Bxg5 Bxc3 26. Bf6+ Rg7 27. Bxd8 Kg8 28. Bf6 Rg6 29. Rf1 Bc8 30. Qf3 Bd7 31. Kh1 Bd4 32. Bd8 Rh6 33. Bg5 Rg6 34. Bf6 Rh6 35. Qf4 Rxf6 36. Qxd4 Rg6 37. Qd6 Qxd6 38. exd6 Rxd6 39. Re7 h5 40. Kg1 c5 41. Rf3 Ba4 42. Rxf5 Bxc2 43. Rd5 0-1

[Event "Hradec Kralove op 10th"]
[Site "Hradec Kralove"]
[Date "2019.10.28"]
[Round "3"]
[White "Gromczak, Dariusz"]
[Black "Veselsky, Jan"]
[Result "1-0"]
[WhiteElo "1829"]
[BlackElo "1536"]
[PlyCount "53"]
[EventDate "2019.10.26"]
[EventType "swiss"]
[EventRounds "9"]
[EventCountry "CZE"]
[SourceTitle "CBM 193 Extra"]
[Source "ChessBase"]
[SourceDate "2020.01.31"]
[SourceVersion "1"]
[SourceVersionDate "2020.01.31"]
[SourceQuality "1"]

1. e4 c6 2. Nc3 d5 3. Nf3 Bg4 4. h3 Bxf3 5. Qxf3 Nf6 6. d4 dxe4 7. Nxe4 Qxd4 8. Bd3 Nbd7 9. Be3 Qxb2 10. 0-0 Ne5 11. Nxf6+ gxf6 12. Qg3 Qc3 13. Rab1 b6 14. Rb3 Qa5 15. Be4 Rc8 16. f4 Nd7 17. Qf3 Qa4 18. Rd1 Nb8 19. Rd4 Qa5 20. Rbd3 e5 21. fxe5 Rg8 22. Bxh7 fxe5 23. Bxg8 Qxa2 24. Bxf7+ Qxf7 25. Rd8+ Rxd8 26. Rxd8+ Ke7 27. Qxf7+ 1-0

[Event "POL-chT3 Dolnoslaskie 1718"]
[Site "Poland"]
[Date "2018.01.07"]
[Round "6.18"]
[White "Szmyd, Marek"]
[Black "Gromczak, Dariusz"]
[Result "1/2-1/2"]
[WhiteElo "1940"]
[BlackElo "1943"]
[PlyCount "69"]
[EventDate "2017.10.08"]
[EventType "team-tourn"]
[EventRounds "11"]
[EventCountry "POL"]
[SourceTitle "EXT 2019"]
[Source "ChessBase"]
[SourceDate "2018.10.10"]
[SourceVersion "1"]
[SourceVersionDate "2018.10.10"]
[SourceQuality "1"]

1. e4 c5 2. Nf3 e6 3. d4 cxd4 4. Nxd4 Nc6 5. Be3 Nf6 6. Nc3 Qc7 7. Bd3 a6 8. 0-0 Be7 9. Kh1 Ne5 10. f4 Neg4 11. Bg1 d6 12. Qe2 b5 13. Bxb5+ axb5 14. Ncxb5 Qd7 15. e5 0-0 16. exf6 Nxf6 17. c4 Bb7 18. a3 Ne4 19. f5 e5 20. Nc2 d5 21. cxd5 Bxd5 22. Rad1 Rab8 23. Qxe4 Bxe4 24. Rxd7 Rxb5 25. Rxe7 Bxc2 26. b4 f6 27. Rc1 Rc8 28. Rd7 Rbb8 29. Ba7 Bxf5 30. Rdc7 Rxc7 31. Rxc7 Rd8 32. Rc1 Ra8 33. Rc7 Rd8 34. Rc1 Ra8 35. Rc7 1/2-1/2

[Event "POL-chT3 Dolnoslaskie 1718"]
[Site "Poland"]
[Date "2017.10.08"]
[Round "1.28"]
[White "Gromczak, Dariusz"]
[Black "Kurtyka, Barbara"]
[Result "1-0"]
[WhiteElo "1943"]
[BlackElo "1876"]
[PlyCount "105"]
[EventDate "2017.10.08"]
[EventType "team-tourn"]
[EventRounds "11"]
[EventCountry "POL"]
[SourceTitle "EXT 2019"]
[Source "ChessBase"]
[SourceDate "2018.10.10"]
[SourceVersion "1"]
[SourceVersionDate "2018.10.10"]
[SourceQuality "1"]

1. e4 c5 2. Nc3 Nc6 3. f4 g6 4. Nf3 Bg7 5. Bc4 Na5 6. Be2 d6 7. d4 cxd4 8. Nxd4 Nf6 9. Be3 Nc6 10. Qd2 Ng4 11. Bg1 Nxd4 12. Bxd4 Bxd4 13. Qxd4 0-0 14. h3 e5 15. Qd3 Nh6 16. 0-0-0 exf4 17. Rhf1 g5 18. Qxd6 Qxd6 19. Rxd6 Kg7 20. Bc4 f5 21. e5 Nf7 22. Bxf7 Kxf7 23. h4 g4 24. Rxf4 Re8 25. Rc4 Rxe5 26. Rd8 Re8 27. Rc7+ Kf8 28. Rxe8+ Kxe8 29. Rxh7 Kf8 30. Rh8+ Kg7 31. Rd8 b6 32. g3 Kg6 33. Kd2 Bb7 34. Rxa8 Bxa8 35. Ke3 Bc6 36. Kf4 b5 37. Ne2 b4 38. Ke5 Bf3 39. Nf4+ Kh6 40. Kxf5 a5 41. c4 bxc3 42. bxc3 a4 43. a3 Kg7 44. Nd3 Kh6 45. Ne5 Kh5 46. c4 Be2 47. c5 Bf3 48. Kf4 Be2 49. c6 Ba6 50. Nxg4 Bc4 51. Nf6+ Kg6 52. c7 Be6 53. Ne8 1-0

[Event "Baltic Cup-B 1st"]
[Site "Darlowko"]
[Date "2017.07.02"]
[Round "9"]
[White "Gromczak, Dariusz"]
[Black "Fukowski, Pawel"]
[Result "0-1"]
[WhiteElo "1981"]
[BlackElo "1981"]
[PlyCount "58"]
[EventDate "2017.06.25"]
[EventType "swiss"]
[EventRounds "9"]
[EventCountry "POL"]
[SourceTitle "EXT 2019"]
[Source "ChessBase"]
[SourceDate "2018.10.10"]
[SourceVersion "1"]
[SourceVersionDate "2018.10.10"]
[SourceQuality "1"]

1. e4 e6 2. d4 c5 3. Nf3 d5 4. exd5 exd5 5. Bb5+ Bd7 6. Qe2+ Be7 7. 0-0 Nf6 8. Re1 a6 9. Bxd7+ Nbxd7 10. Bf4 Kf8 11. c4 dxc4 12. Qxc4 b5 13. Qe2 Nd5 14. Bg3 c4 15. a4 Bb4 16. Nbd2 h5 17. h4 Rh6 18. axb5 axb5 19. Ng5 Bxd2 20. Qxd2 Rha6 21. Rxa6 Rxa6 22. Qd1 N7f6 23. Qf3 Ra2 24. Re2 Ra1+ 25. Kh2 Ng4+ 26. Kh3 Rh1+ 27. Bh2 Rxh2+ 28. Kg3 Qd6+ 29. Re5 Nxe5 0-1

[Event "Hradec Kralove op"]
[Site "Hradec Kralove"]
[Date "2015.10.07"]
[Round "4"]
[White "Gromczak, Dariusz"]
[Black "Kapusta, Petr"]
[Result "1-0"]
[WhiteElo "2009"]
[BlackElo "2098"]
[PlyCount "143"]
[EventDate "2015.10.04"]
[EventType "swiss"]
[EventRounds "9"]
[EventCountry "CZE"]
[SourceTitle "CBM 168 Extra"]
[Source "ChessBase"]
[SourceDate "2015.10.29"]
[SourceVersion "1"]
[SourceVersionDate "2015.10.29"]
[SourceQuality "1"]

1. e4 c5 2. Nc3 Nc6 3. f4 g6 4. Nf3 Bg7 5. Bc4 e6 6. d3 Nge7 7. 0-0 d5 8. Bb3 0-0 9. Qe1 Nd4 10. Nxd4 cxd4 11. Ne2 dxe4 12. dxe4 a5 13. Bc4 Qc7 14. Bd3 f5 15. e5 Nc6 16. Qf2 Rd8 17. a3 b6 18. Rd1 Bf8 19. h3 Bc5 20. Kh2 Bb7 21. Bd2 Ne7 22. b4 axb4 23. axb4 Nd5 24. bxc5 bxc5 25. Bc4 Qc6 26. Bxd5 Qxd5 27. Ng1 Qc4 28. Ba5 Rdc8 29. Nf3 Bxf3 30. gxf3 d3 31. cxd3 Qxf4+ 32. Qg3 Qe3 33. f4 Qd4 34. Qf3 Rcb8 35. Bc3 Qd8 36. Qc6 Kf7 37. Qxc5 Rc8 38. Qd4 Qc7 39. Rxa8 Rxa8 40. Ra1 Rxa1 41. Bxa1 Qc2+ 42. Kg3 Kg7 43. Qe3 Qd1 44. Bd4 h5 45. Qf3 h4+ 46. Kg2 Qd2+ 47. Bf2 Kh6 48. Qe3 Qc2 49. Qf3 Qd2 50. d4 Qa2 51. Qe3 Qa8+ 52. Kh2 Qa2 53. Kg1 Qa1+ 54. Qe1 Qa3 55. Bxh4 Qf3 56. Bg3 Qd3 57. Qf2 Qb1+ 58. Kh2 Qe4 59. Qd2 Qd5 60. Bh4 Kh5 61. Bg3 Kh6 62. Bf2 Kh7 63. Bg1 Kh6 64. Qg2 Qc4 65. h4 Kh7 66. Bf2 Qb3 67. d5 exd5 68. e6 d4 69. Bxd4 Qxe6 70. Qb7+ Kh6 71. Qg7+ Kh5 72. Kh3 1-0

[Event "Hradec Kralove op"]
[Site "Hradec Kralove"]
[Date "2015.10.06"]
[Round "3"]
[White "Kozusek, Daniel"]
[Black "Gromczak, Dariusz"]
[Result "1/2-1/2"]
[WhiteElo "2279"]
[BlackElo "2009"]
[PlyCount "65"]
[EventDate "2015.10.04"]
[EventType "swiss"]
[EventRounds "9"]
[EventCountry "CZE"]
[SourceTitle "CBM 168 Extra"]
[Source "ChessBase"]
[SourceDate "2015.10.29"]
[SourceVersion "1"]
[SourceVersionDate "2015.10.29"]
[SourceQuality "1"]

1. e4 c5 2. Nf3 e6 3. d4 cxd4 4. Nxd4 Nc6 5. Nc3 Qc7 6. Be3 a6 7. Qf3 Nf6 8. 0-0-0 Be7 9. Be2 d6 10. Qg3 0-0 11. h4 Nxd4 12. Bxd4 b5 13. e5 Ne8 14. Ne4 d5 15. Ng5 f6 16. Nh3 fxe5 17. Bxe5 Bd6 18. f4 Bxe5 19. fxe5 Rf5 20. Bd3 Qxe5 21. Qxe5 Rxe5 22. Ng5 Nf6 23. Nf3 Re3 24. Kd2 Ng4 25. Rhe1 Rxe1 26. Rxe1 h6 27. Kc3 Bd7 28. Kd4 Kf8 29. Kc5 Ke7 30. Nd4 Rc8+ 31. Kb6 Kd6 32. Kxa6 e5 33. Nxb5+ 1/2-1/2

[Event "Hradec Kralove op"]
[Site "Hradec Kralove"]
[Date "2015.10.04"]
[Round "1"]
[White "Horak, Miroslav1111"]
[Black "Gromczak, Dariusz"]
[Result "0-1"]
[WhiteElo "1676"]
[BlackElo "2009"]
[PlyCount "68"]
[EventDate "2015.10.04"]
[EventType "swiss"]
[EventRounds "9"]
[EventCountry "CZE"]
[SourceTitle "CBM 168 Extra"]
[Source "ChessBase"]
[SourceDate "2015.10.29"]
[SourceVersion "1"]
[SourceVersionDate "2015.10.29"]
[SourceQuality "1"]

1. c4 c5 2. Nc3 Nc6 3. g3 g6 4. Bg2 Bg7 5. e3 e5 6. Nge2 Nge7 7. 0-0 0-0 8. b3 d6 9. Bb2 Be6 10. Rc1 Qd7 11. Ne4 Bh3 12. Bxh3 Qxh3 13. Nxd6 Qd7 14. Ne4 b6 15. f4 f5 16. Nf2 Rfd8 17. Bc3 e4 18. a3 a5 19. Qc2 Bxc3 20. dxc3 Qd2 21. Qxd2 Rxd2 22. Rfe1 Rad8 23. Rcd1 Rb2 24. Rxd8+ Nxd8 25. Nc1 Rc2 26. Ne2 a4 27. b4 Ra2 28. Rd1 Ndc6 29. Rd7 Kf8 30. Kf1 Rxa3 31. bxc5 bxc5 32. Nd1 Na5 33. Rc7 Ra1 34. Ke1 Nxc4 0-1

[Event "POL-chT 2nd League"]
[Site "Szczyrk"]
[Date "2014.09.14"]
[Round "9.87"]
[White "Sliwicki, Damian"]
[Black "Gromczak, Dariusz"]
[Result "1-0"]
[WhiteElo "2045"]
[BlackElo "2027"]
[PlyCount "115"]
[EventDate "2014.09.06"]
[EventType "team-swiss"]
[EventRounds "9"]
[EventCountry "POL"]
[SourceTitle "EXT 2015"]
[Source "ChessBase"]
[SourceDate "2014.11.20"]
[SourceVersion "1"]
[SourceVersionDate "2014.11.20"]
[SourceQuality "1"]
[WhiteTeam "Bydgoszcz Wiartrak"]
[BlackTeam "Radkow Giecek"]
[WhiteTeamCountry "POL"]
[BlackTeamCountry "POL"]

1. e4 c5 2. Nf3 e6 3. d4 cxd4 4. Nxd4 Nc6 5. Nc3 Qc7 6. g3 a6 7. Bg2 Nf6 8. 0-0 Nxd4 9. Qxd4 Bc5 10. Qd3 d6 11. Bf4 Nh5 12. Be3 Bxe3 13. Qxe3 Bd7 14. Rad1 Rd8 15. Qg5 g6 16. Qh6 Bc6 17. Nd5 Bxd5 18. exd5 e5 19. f4 f5 20. fxe5 dxe5 21. Rfe1 Ng7 22. Qe3 e4 23. c4 b6 24. b4 0-0 25. c5 bxc5 26. bxc5 Rc8 27. Rc1 Qe5 28. Bf1 a5 29. Ba6 Rb8 30. c6 Ne8 31. Qc5 Nd6 32. Qc3 Qe7 33. c7 Ra8 34. Qc6 Rae8 35. Qb6 f4 36. gxf4 Rxf4 37. c8Q Nxc8 38. Rxc8 Rxc8 39. Bxc8 Qh4 40. Qe6+ Kg7 41. Qe5+ Kh6 42. Rf1 Rf3 43. Rxf3 exf3 44. Qe3+ Kg7 45. Qc3+ Kh6 46. Qxf3 Qg5+ 47. Kf2 Qd2+ 48. Kg3 Qe1+ 49. Kh3 Kg7 50. Be6 Qe5 51. Qf7+ Kh6 52. Qf8+ Kh5 53. Qf2 g5 54. Qf7+ Kh6 55. Qf8+ Kg6 56. Bf7+ Kf5 57. Qc8+ Ke4 58. Qg4+ 1-0

[Event "POL-chT 2nd League"]
[Site "Szczyrk"]
[Date "2014.09.09"]
[Round "4.80"]
[White "Piskorz, Henryk"]
[Black "Gromczak, Dariusz"]
[Result "1-0"]
[WhiteElo "2040"]
[BlackElo "2027"]
[PlyCount "91"]
[EventDate "2014.09.06"]
[EventType "team-swiss"]
[EventRounds "9"]
[EventCountry "POL"]
[SourceTitle "EXT 2015"]
[Source "ChessBase"]
[SourceDate "2014.11.20"]
[SourceVersion "1"]
[SourceVersionDate "2014.11.20"]
[SourceQuality "1"]
[WhiteTeam "Drogowiec"]
[BlackTeam "Radkow Giecek"]
[WhiteTeamCountry "POL"]
[BlackTeamCountry "POL"]

1. e4 c5 2. f4 d5 3. exd5 Nf6 4. d4 cxd4 5. Qxd4 Nc6 6. Qd1 Qxd5 7. Qxd5 Nxd5 8. c3 e5 9. fxe5 Nxe5 10. Bb5+ Bd7 11. Bxd7+ Kxd7 12. Nh3 Bc5 13. Ke2 Rad8 14. Nf4 Kc6 15. Nxd5 Rxd5 16. Rd1 Rxd1 17. Kxd1 Rd8+ 18. Ke2 Re8 19. h3 Ng4+ 20. Kd1 Nf2+ 21. Kc2 Re2+ 22. Nd2 Be3 23. b4 f5 24. g3 g5 25. c4 a6 26. Rb1 f4 27. gxf4 Bxf4 28. Rb3 h5 29. Rf3 Kd6 30. h4 Bxd2 31. Bxd2 g4 32. Rf5 g3 33. Rg5 Rxd2+ 34. Kxd2 Ne4+ 35. Ke3 Nxg5 36. hxg5 Ke6 37. Kf3 h4 38. c5 Kf5 39. a4 Kxg5 40. b5 axb5 41. axb5 Kf5 42. c6 bxc6 43. b6 g2 44. Kxg2 Ke4 45. b7 c5 46. b8Q 1-0

[Event "POL-chT 2nd League"]
[Site "Szczyrk"]
[Date "2014.09.07"]
[Round "2.93"]
[White "Gromczak, Dariusz"]
[Black "Zychowicz, Marcin"]
[Result "1-0"]
[WhiteElo "2027"]
[BlackElo "1792"]
[PlyCount "151"]
[EventDate "2014.09.06"]
[EventType "team-swiss"]
[EventRounds "9"]
[EventCountry "POL"]
[SourceTitle "EXT 2015"]
[Source "ChessBase"]
[SourceDate "2014.11.20"]
[SourceVersion "1"]
[SourceVersionDate "2014.11.20"]
[SourceQuality "1"]
[WhiteTeam "Radkow Giecek"]
[BlackTeam "Minsk Mazowiecki MTSz"]
[WhiteTeamCountry "POL"]
[BlackTeamCountry "POL"]

1. e4 c5 2. Nc3 e6 3. Nge2 a6 4. g3 b5 5. Bg2 Bb7 6. 0-0 b4 7. Na4 Nf6 8. e5 Bxg2 9. Kxg2 Nd5 10. c4 bxc3 11. Nexc3 Nc6 12. Nxd5 exd5 13. Qf3 d4 14. Qd5 Rc8 15. b3 Nb4 16. Qc4 Qc7 17. a3 Qc6+ 18. Kg1 Nd5 19. Bb2 Be7 20. Rac1 0-0 21. Rc2 a5 22. Rfc1 Nb6 23. Nxb6 Qxb6 24. b4 axb4 25. axb4 d3 26. Qxd3 Qxb4 27. Qxd7 Rfe8 28. Bc3 Qe4 29. Rb2 Qc6 30. Qxc6 Rxc6 31. Rb5 Ra6 32. f4 g6 33. Kf2 h5 34. Kf3 Bf8 35. Rcb1 Ra7 36. Rb8 Ra8 37. Rxe8 Rxe8 38. Rb7 Re6 39. Rb8 Kg7 40. Rc8 Be7 41. h3 f6 42. exf6+ Bxf6 43. Rc7+ Kf8 44. Bxf6 Rxf6 45. Rxc5 Kg7 46. Rc7+ Kg8 47. Rd7 Ra6 48. g4 Ra3+ 49. d3 hxg4+ 50. hxg4 Ra1 51. Kg3 Rf1 52. d4 Kf8 53. d5 Kg8 54. d6 Rd1 55. Kf3 Kf8 56. Ke4 Rg1 57. g5 Re1+ 58. Kd5 Re2 59. Ra7 Re1 60. Ra4 Kf7 61. Rd4 Rc1 62. d7 Ke7 63. Ke4 Re1+ 64. Kf3 Kd8 65. Rd6 Rf1+ 66. Kg3 Rg1+ 67. Kf2 Ra1 68. Rxg6 Kxd7 69. Kf3 Ke7 70. Rf6 Rg1 71. Ke4 Ra1 72. Kf5 Rh1 73. Kg6 Rh2 74. f5 Rg2 75. Ra6 Rb2 76. f6+ 1-0

[Event "Polanica Zdroj op-B 49th"]
[Site "Polanica Zdroj"]
[Date "2013.08.??"]
[Round "4"]
[White "Kwiatkowski, Wiktor"]
[Black "Gromczak, Dariusz"]
[Result "0-1"]
[WhiteElo "1945"]
[BlackElo "2053"]
[PlyCount "106"]
[EventDate "2013.08.17"]
[EventType "swiss"]
[EventRounds "9"]
[EventCountry "POL"]
[SourceTitle "CBM 156 Extra"]
[Source "ChessBase"]
[SourceDate "2013.10.22"]
[SourceVersion "1"]
[SourceVersionDate "2013.10.22"]
[SourceQuality "1"]

1. e4 c5 2. Nf3 e6 3. d4 cxd4 4. Nxd4 Nc6 5. Nb5 d6 6. c4 a6 7. N5c3 Nf6 8. Be2 Be7 9. 0-0 0-0 10. Be3 b6 11. Na3 Bb7 12. Rc1 Nb4 13. Nc2 Nxc2 14. Qxc2 Rc8 15. Rfd1 Qc7 16. Qd3 Bc6 17. Nd5 Qb7 18. Nxe7+ Qxe7 19. f3 d5 20. cxd5 exd5 21. e5 Qxe5 22. Bd4 Qg5 23. Qxa6 Bb7 24. Rxc8 Bxa6 25. Rxf8+ Kxf8 26. Bxa6 Nd7 27. Bb5 Nc5 28. b4 Ne6 29. Bxb6 d4 30. a4 Qe3+ 31. Kf1 Qb3 32. Re1 Qxb4 33. f4 Qd6 34. a5 Qxf4+ 35. Kg1 Qd2 36. Rf1 Qb4 37. Bc6 d3 38. Bd5 Ke7 39. Bf3 g5 40. h3 f5 41. Bd1 Nf4 42. Bf3 h5 43. Bd1 Ne2+ 44. Kf2 Qd2 45. Be3 Qa2 46. Bxg5+ Kf7 47. Ke3 Ng3 48. Rf2 Qd5 49. Bf4 Ne4 50. Bxh5+ Ke6 51. Rb2 Qxa5 52. Bd1 Qe1+ 53. Kd4 Qc3+ 0-1

[Event "Polanica Zdroj op-B 49th"]
[Site "Polanica Zdroj"]
[Date "2013.08.??"]
[Round "9"]
[White "Nowak, Kamil"]
[Black "Gromczak, Dariusz"]
[Result "0-1"]
[WhiteElo "1786"]
[BlackElo "2053"]
[PlyCount "170"]
[EventDate "2013.08.17"]
[EventType "swiss"]
[EventRounds "9"]
[EventCountry "POL"]
[SourceTitle "CBM 156 Extra"]
[Source "ChessBase"]
[SourceDate "2013.10.22"]
[SourceVersion "1"]
[SourceVersionDate "2013.10.22"]
[SourceQuality "1"]

1. e4 c5 2. Nf3 e6 3. d4 cxd4 4. Nxd4 Nc6 5. Nc3 Qc7 6. Be2 a6 7. 0-0 Nf6 8. Be3 Be7 9. f4 d6 10. a4 Bd7 11. Nb3 0-0 12. Kh1 Nb4 13. Bf3 Bc6 14. a5 d5 15. e5 Ne4 16. Bxe4 dxe4 17. Bb6 Qc8 18. Qe2 Nd5 19. Nxd5 Bxd5 20. Rfc1 f5 21. c4 Bc6 22. Nd4 g5 23. g3 Kh8 24. h3 Rg8 25. Kh2 Rg6 26. Rd1 Qf8 27. Nxc6 bxc6 28. Rd7 gxf4 29. gxf4 Bh4 30. Rg1 Qh6 31. Qf1 Rag8 32. Rxg6 Qxg6 33. Rd2 Bg3+ 34. Kh1 Bxf4 35. Qxf4 Qg3 36. Qxg3 Rxg3 37. Kh2 Rb3 38. Bd4 Kg7 39. Bc3 f4 40. Rd4 Kg6 41. Rxe4 Kf5 42. Re1 Rb8 43. Kg2 Rg8+ 44. Kf2 Rg3 45. Rh1 Ke4 46. h4 Rf3+ 47. Kg2 Rg3+ 48. Kh2 h5 49. Re1+ Kd3 50. Rg1 Re3 51. Rg6 f3 52. Rxe6 Re4 53. Kg3 Ke2 54. Rf6 Rg4+ 55. Kh3 f2 56. e6 f1Q+ 57. Rxf1 Kxf1 58. e7 Re4 59. Bf6 c5 60. Kg3 Ke2 61. Bg5 Kd3 62. Kf3 Re6 63. Kf4 Kxc4 64. Kf5 Kd5 65. Bf6 Kd6 66. Kg6 Kd7 67. Kf7 c4 68. Bg5 Re4 69. Kg6 Ke8 70. Kxh5 Kf7 71. Kh6 Re2 72. h5 Rxb2 73. Kh7 Rb5 74. Kh6 Rxa5 75. Bf6 Rf5 76. Bc3 Kxe7 77. Kg6 Rf3 78. Bb4+ Ke6 79. h6 Rg3+ 80. Kh5 Kf5 81. Kh4 Rg1 82. Bf8 c3 83. Kh3 c2 84. Ba3 Rh1+ 85. Kg2 Rxh6 0-1